Cold War Era Leaders Quiz Stats

Quiz Updated Aug 28, 2016

Challenge
Share
Tweet
Score 0/19 Timer 03:00
11 Plays Today
% Correct
Mao Zedong
91.4%
George H.W. Bush
87.2%
Ronald Reagan
85.5%
Harry S. Truman
85.1%
Dwight D. Eisenhower
83.9%
John F. Kennedy
83%
Hua Guofeng
82.2%
Lyndon B. Johnson
81.8%
Joseph Stalin
80.9%
Gerald Ford
80.7%
% Correct
Mikhail Gorbachev
80.7%
Richard Nixon
80.5%
Jimmy Carter
79.5%
Nikita Khrushchev
73.8%
Leonid Brezhnev
73.6%
Deng Xiaoping
71.8%
Georgy Malenkov
63.7%
Yuri Andropov
59.3%
Konstantin Chernenko
55.4%

You're not logged in!

Compare scores with friends on all Sporcle quizzes.
Sign Up with Email
OR
Log In

You Might Also Like...

Show Comments

Extras

Top Quizzes Today


Score Distribution

Your Account Isn't Verified!

In order to create a playlist on Sporcle, you need to verify the email address you used during registration. Go to your Sporcle Settings to finish the process.